|
|
|
|
| LEADER |
00000nam a2200000 a 4500 |
| 001 |
vtls001520001 |
| 003 |
SK-MaSNL |
| 005 |
20260302073911.0 |
| 008 |
240314s2004 xo d p 000 0 slo |
| 015 |
|
|
|a SNBA2005/07-02681
|
| 020 |
|
|
|a 8080507589
|q (brož.)
|
| 040 |
|
|
|a SNK
|b slo
|c SNK
|e AACR2
|
| 041 |
0 |
|
|a slo
|
| 044 |
|
|
|a xo
|c SK
|
| 072 |
|
7 |
|a 34
|x Právo
|2 konspekt
|
| 080 |
|
|
|a 340
|2 MDT-MRF
|
| 080 |
|
|
|a 342
|2 MDT-MRF
|
| 080 |
|
|
|a 347
|2 MDT-MRF
|
| 080 |
|
|
|a (075.8)
|2 MDT-MRF
|
| 080 |
|
|
|a (07)
|2 MDT-MRF
|
| 080 |
|
|
|a 34
|2 MDT-MRF
|
| 100 |
1 |
|
|a Thurzová, Marta,
|d 1954-
|4 aut
|9 204242
|
| 245 |
1 |
0 |
|a Úvod do práva
|b učebné texty
|c Marta Thurzová, Ľudovít Galbavý, Eva Vondráková
|
| 250 |
|
|
|a [1. vyd.]
|
| 260 |
|
|
|a Nitra
|b Univerzita Konštantína Filozofa
|c 2004
|
| 300 |
|
|
|a 121 s.
|c 20 cm
|
| 504 |
|
|
|a Bibliogr. s. 121
|
| 506 |
|
|
|a 300 výtl.
|
| 650 |
0 |
7 |
|a právo
|2 SNKPH
|9 976
|
| 650 |
0 |
7 |
|a právna veda
|2 SNKPH
|9 2684
|
| 650 |
0 |
7 |
|a verejné právo
|2 SNKPH
|9 985
|
| 650 |
0 |
7 |
|a ústavné právo
|2 SNKPH
|9 2256
|
| 650 |
0 |
7 |
|a súkromné právo
|2 SNKPH
|9 2244
|
| 655 |
|
7 |
|a učebnice vysokých škôl
|2 SNKPH
|9 70191
|
| 655 |
|
7 |
|a učebné texty
|2 SNKPH
|9 70568
|
| 700 |
1 |
|
|a Galbavý, Ľudovít,
|d 1950-
|4 aut
|9 193635
|
| 700 |
1 |
|
|a Vondráková, Eva
|4 aut
|9 17533
|
| 919 |
|
|
|a 80-8050-758-9
|
| 958 |
|
|
|a OND
|
| 968 |
|
|
|d 34
|
| 999 |
|
|
|c 1162797
|d 1164727
|
| 952 |
|
|
|a SNK
|b SNK
|y PREZ
|7 0
|p 17A0460902
|o snkSC 119333
|i snk2005/4073
|8 0
|0 0
|1 0
|4 0
|d 2005-03-16
|l 0
|r 2025-05-28 00:00:00
|w 2026-02-24
|
| 952 |
|
|
|a SNK
|b SNK
|y VYP
|7 0
|p 17A0460901
|o snkSC 119333 D1
|i snk2005/4074
|8 0
|0 0
|1 0
|4 0
|d 2005-03-16
|l 0
|r 2026-02-24 20:38:53
|w 2026-02-24
|